Statistics for General Knowledge Quiz #8

Click here to take the quiz!

General Stats

  • This quiz has been taken 155,565 times
    (76,193 since last reset)
  • The average score is 11 of 20

Answer Stats

QuestionAnswer% Correct
When Jack fell down and broke his crown, who came tumbling after?Jill
85%
Who is Posh Spice's husband?David Beckham
83%
What is Superman's achilles heel?Kryptonite
80%
What Starbucks size, larger than a grande, is also the Italian word for "twenty"?Venti
72%
What river flows through Paris?The Seine
68%
What is Eminem's real name?Marshall Mathers
65%
If you follow the Yellow Brick Road, where do you end up?The {Emerald} City
62%
What is the biggest stadium in the United Kingdom?Wembley Stadium
61%
Other than Mexico and Canada, what country is geographically closest to the United States?Russia
58%
What famous Paris cabaret theater has a name that means "Red Mill"?Moulin Rouge
57%
What does the Sandman bring to children?Good Dreams
56%
What famous document was King John forced to agree to 1215?Magna Carta
56%
The star Betelgeuse is pronounced like what two English words?Beetle Juice
55%
What was the name of Italy's currency prior to the Euro?The Lira
53%
What is the English translation of the Latin word “Rex”?King
50%
What toxic element were hatters once exposed to - causing some to become "mad"?Mercury
44%
In the U.S., what profession is practiced by a person who ends their name with "esquire"?Law
44%
What is 6 factorial?720
37%
In what year did the California gold rush start?1848
28%
What Beat Generation author wrote "On the Road"?Jack Kerouac
23%

Score Distribution

Percentile by Number Answered

Percent of People with Each Score

Your Score History

You have not taken this quiz since the last reset